[Event "HUN-ch Rapid 2019"]
[Site "Ajka"]
[Date "2019.07.19"]
[Round "3.2"]
[White "Balog, Imre"]
[Black "Farago, Ivan"]
[Result "1-0"]
[WhiteElo "2566"]
[BlackElo "2350"]
[Annotator "ChessBase"]
[PlyCount "175"]
[EventDate "2019.07.18"]
[EventType "swiss"]
[EventCountry "HUN"]
[SourceTitle "playchess.com"]
[Source "ChessBase"]
[SourceQuality "1"]
[TimeControl "1200+5"]

1. d4 {[%emt 0:00:06]} Nf6 {[%emt 0:00:02]} 2. Bg5 {[%emt 0:00:08]} d5 {[%emt 0:00:07]} 3. Nf3 {[%emt 0:00:03]} Nbd7 {[%emt 0:00:08]} 4. e3 {[%emt 0:00:11]} c5 {[%emt 0:00:15]} 5. Nbd2 {[%emt 0:00:41]} h6 {[%emt 0:00:23]} 6. Bh4 {[%emt 0:00:25]} e6 {[%emt 0:00:16]} 7. Be2 {[%emt 0:00:52]} b6 {[%emt 0:00:13]} 8. O-O {[%emt 0:00:09]} Bb7 {[%emt 0:00:02]} 9. Ne5 {[%emt 0:00:13]} Be7 {[%emt 0:01:09]} 10. Bb5 {[%emt 0:00:33]} O-O {[%emt 0:00:45]} 11. Nc6 {[%emt 0:00:18]} Bxc6 {[%emt 0:00:09]} 12. Bxc6 {[%emt 0:00:02]} Rc8 {[%emt 0:00:01]} 13. Bb5 {[%emt 0:00:02]} cxd4 {[%emt 0:00:53]} 14. exd4 {[%emt 0:00:03]} Ne4 {[%emt 0:00:08]} 15. Bg3 {[%emt 0:03:03]} Nxg3 {[%emt 0:00:08]} 16. hxg3 {[%emt 0:00:02]} Nf6 17. Re1 {[%emt 0:00:42]} Ne8 {[%emt 0:02:25]} 18. c3 {[%emt 0:00:13]} Nd6 {[%emt 0:00:02]} 19. Ba6 {[%emt 0:00:41]} Rc7 {[%emt 0:00:23]} 20. a4 {[%emt 0:00:02]} Qd7 {[%emt 0:00:41]} 21. Qe2 {[%emt 0:00:12]} Bf6 {[%emt 0:00:14]} 22. Bb5 {[%emt 0:01:10]} Qc8 {[%emt 0:01:03]} 23. a5 {[%emt 0:00:26]} bxa5 {[%emt 0:00:50]} 24. Reb1 {[%emt 0:03:56]} Qb7 {[%emt 0:00:25]} 25. Bd3 {[%emt 0:00:44]} Qb6 {[%emt 0:00:14]} 26. Ra3 {[%emt 0:00:01]} Re8 {[%emt 0:00:35]} 27. Rb3 {[%emt 0:02:37]} Qc6 {[%emt 0:00:04]} 28. Ra1 {[%emt 0:00:01]} Nc4 {[%emt 0:01:50]} 29. Nxc4 {[%emt 0:01:12]} dxc4 {[%emt 0:00:03]} 30. Be4 {[%emt 0:00:01]} Qd7 {[%emt 0:00:53]} 31. Rba3 {[%emt 0:00:01]} e5 {[%emt 0:00:41]} 32. d5 {[%emt 0:00:31]} Be7 {[%emt 0:01:41]} 33. Rxa5 {[%emt 0:00:02]} Bc5 {[%emt 0:00:09]} 34. g4 {[%emt 0:00:24]} Bb6 {[%emt 0:00:10]} 35. R5a4 {[%emt 0:00:26]} Qb5 {[%emt 0:00:56]} 36. g3 {[%emt 0:00:24]} Qc5 {[%emt 0:00:11]} 37. Kg2 {[%emt 0:00:07]} g6 {[%emt 0:00:04]} 38. Rh1 {[%emt 0:00:16]} Kg7 {[%emt 0:00:24]} 39. Raa1 {[%emt 0:00:09]} Rd7 {[%emt 0:00:26]} 40. Qd2 {[%emt 0:00:16]} Rh8 {[%emt 0:00:09]} 41. Rae1 {[%emt 0:00:29]} f5 {[%emt 0:00:20]} 42. gxf5 {[%emt 0:00:25]} gxf5 {[%emt 0:00:01]} 43. Bxf5 {[%emt 0:00:02]} Qxd5+ {[%emt 0:00:01]} 44. Qxd5 {[%emt 0:00:01]} Rxd5 {[%emt 0:00:01]} 45. Re2 {[%emt 0:00:04]} Rhd8 {[%emt 0:00:33]} 46. Rhe1 {[%emt 0:00:01]} Rd2 {[%emt 0:00:10]} 47. Be6 {[%emt 0:00:02]} e4 {[%emt 0:00:46]} 48. Bxc4 {[%emt 0:00:20]} e3 {[%emt 0:00:01]} 49. fxe3 {[%emt 0:00:08]} Bxe3 {[%emt 0:00:01]} 50. Kf3 {[%emt 0:00:01]} Rxe2 {[%emt 0:00:03]} 51. Rxe2 {[%emt 0:00:01]} Bc5 {[%emt 0:00:08]} 52. Re5 {[%emt 0:00:06]} Bd6 {[%emt 0:00:09]} 53. Ra5 {[%emt 0:00:12]} Bb8 {[%emt 0:00:02]} 54. Rb5 {[%emt 0:00:04]} Kf6 {[%emt 0:00:26]} 55. Rb7 {[%emt 0:00:09]} Kg6 {[%emt 0:00:13]} 56. g4 {[%emt 0:00:19]} Rf8+ {[%emt 0:00:01]} 57. Ke2 {[%emt 0:00:01]} Kg5 {[%emt 0:00:17]} 58. Rg7+ {[%emt 0:00:01]} Kf4 {[%emt 0:00:02]} 59. Rg6 {[%emt 0:00:11]} Re8+ {[%emt 0:00:23]} 60. Kd3 {[%emt 0:00:02]} Re5 {[%emt 0:00:07]} 61. Be6 {[%emt 0:00:25]} h5 {[%emt 0:00:02]} 62. gxh5 {[%emt 0:00:04]} Rxh5 {[%emt 0:00:01]} 63. Rg7 {[%emt 0:00:04]} Ra5 {[%emt 0:00:10]} 64. Rb7 {[%emt 0:00:02]} Bd6 {[%emt 0:00:09]} 65. Kc4 {[%emt 0:00:05]} Ke5 {[%emt 0:00:06]} 66. Bh3 {[%emt 0:00:05]} Rc5+ {[%emt 0:00:20]} 67. Kd3 {[%emt 0:00:01]} Rc7 {[%emt 0:00:02]} 68. Rb5+ {[%emt 0:00:02]} Kf6 {[%emt 0:00:05]} 69. Rh5 {[%emt 0:00:04]} Bc5 {[%emt 0:00:06]} 70. b4 {[%emt 0:00:05]} Bg1 {[%emt 0:00:11]} 71. c4 {[%emt 0:00:04]} Rg7 {[%emt 0:00:07]} 72. c5 {[%emt 0:00:12]} Rg5 {[%emt 0:00:34]} 73. Rh7 {[%emt 0:00:31]} Bxc5 {[%emt 0:00:05]} 74. bxc5 Rxc5 {[%emt 0:00:01]} 75. Kd4 {[%emt 0:00:01]} Ra5 76. Bf1 Ra4+ {[%emt 0:00:09]} 77. Bc4 {[%emt 0:00:02]} a5 {[%emt 0:00:01]} 78. Rf7+ {[%emt 0:00:02]} Kg6 {[%emt 0:00:02]} 79. Rf1 {[%emt 0:00:02]} Ra3 {[%emt 0:00:05]} 80. Bd5 {[%emt 0:00:04]} Rh3 {[%emt 0:00:05]} 81. Ke5 {[%emt 0:00:02]} a4 {[%emt 0:00:05]} 82. Rg1+ {[%emt 0:00:01]} Kh6 {[%emt 0:00:03]} 83. Kf6 {[%emt 0:00:05]} a3 {[%emt 0:00:04]} 84. Rg8 {[%emt 0:00:11]} Kh7 {[%emt 0:00:01]} 85. Ra8 {[%emt 0:00:09]} Re3 {[%emt 0:00:13]} 86. Bg8+ {[%emt 0:00:07]} Kh6 {[%emt 0:00:01]} 87. Be6 {[%emt 0:00:01]} Kh7 {[%emt 0:00:07]} 88. Bf5+ {[%emt 0:00:02]} 1-0

[Event "HUN-ch Rapid 2019"]
[Site "Ajka"]
[Date "2019.07.19"]
[Round "3.3"]
[White "Videki, Sandor"]
[Black "Banusz, Tamas"]
[Result "0-1"]
[WhiteElo "2401"]
[BlackElo "2626"]
[Annotator "RC"]
[PlyCount "118"]
[EventDate "2019.07.18"]
[EventType "swiss"]
[EventCountry "HUN"]
[SourceTitle "playchess.com"]
[Source "ChessBase"]
[SourceQuality "1"]
[TimeControl "1200+5"]

1. c4 {[%emt 0:00:01]} e5 {[%emt 0:00:09]} 2. Nc3 {[%emt 0:00:10]} Nf6 {[%emt 0:00:02]} 3. Nf3 {[%emt 0:00:11]} Nc6 {[%emt 0:00:01]} 4. g3 {[%emt 0:00:01]} d5 {[%emt 0:00:10]} 5. cxd5 {[%emt 0:00:07]} Nxd5 {[%emt 0:00:02]} 6. Bg2 {[%emt 0:00:31]} Nb6 {[%emt 0:00:02]} 7. O-O {[%emt 0:00:10]} Be7 {[%emt 0:00:01]} 8. d3 {[%emt 0:00:14]} O-O {[%emt 0:00:04]} 9. Be3 {[%emt 0:00:10]} Be6 {[%emt 0:00:09]} 10. Rc1 {[%emt 0:00:07]} Nd5 {[%emt 0:00:10]} 11. Nxd5 {[%emt 0:00:30]} Bxd5 {[%emt 0:00:02]} 12. Qa4 {[%emt 0:00:52]} Re8 {[%emt 0:00:13]} 13. Bc5 {[%emt 0:00:11]} Bf6 {[%emt 0:00:24]} 14. e4 {[%emt 0:01:21]} Be6 {[%emt 0:00:09]} 15. Rfd1 {[%emt 0:00:05]} Qd7 {[%emt 0:00:37]} 16. Rd2 {[%emt 0:00:38]} Rad8 {[%emt 0:00:55]} 17. Be3 {[%emt 0:00:14]} Nd4 {[%emt 0:01:36]} 18. Qxd7 {[%emt 0:00:10]} Nxf3+ {[%emt 0:00:02]} 19. Bxf3 {[%emt 0:00:02]} Rxd7 {[%emt 0:00:01]} 20. a3 {[%emt 0:00:56]} a6 {[%emt 0:01:13]} 21. Rc3 {[%emt 0:00:07]} c6 {[%emt 0:00:15]} 22. Kg2 {[%emt 0:00:28]} Be7 {[%emt 0:00:03]} 23. h3 {[%emt 0:00:07]} g6 {[%emt 0:00:03]} 24. Bd1 {[%emt 0:01:47]} f5 {[%emt 0:00:08]} 25. Bb3 {[%emt 0:00:21]} Kf7 {[%emt 0:00:02]} 26. f3 {[%emt 0:00:50]} Bxb3 {[%emt 0:00:10]} 27. Rxb3 {[%emt 0:00:01]} Ke6 {[%emt 0:00:03]} 28. Kf2 {[%emt 0:00:26]} h5 {[%emt 0:00:33]} 29. Ke2 {[%emt 0:00:09]} Bd6 {[%emt 0:01:27]} 30. Bf2 {[%emt 0:02:11]} Rf8 {[%emt 0:00:02]} 31. d4 {[%emt 0:00:27]} fxe4 {[%emt 0:00:25]} 32. fxe4 {[%emt 0:00:43]} exd4 {[%emt 0:00:47]} 33. Bxd4 {[%emt 0:00:04]} c5 {[%emt 0:00:45]} 34. Bg1 {[%emt 0:00:52]} b5 {[%emt 0:00:12]} 35. Rbd3 {[%emt 0:00:31]} Rfd8 {[%emt 0:00:05]} 36. Rd5 {[%emt 0:00:07]} Be7 {[%emt 0:02:44]} 37. Rxd7 {[%emt 0:00:23]} Rxd7 {[%emt 0:00:01]} 38. Rxd7 {[%emt 0:00:09]} Kxd7 {[%emt 0:00:01]} 39. b3 {[%emt 0:00:59]} Ke6 {[%emt 0:00:43]} 40. a4 {[%emt 0:00:48]} bxa4 {[%emt 0:01:28]} 41. bxa4 {[%emt 0:00:02]} c4 {[%emt 0:01:13]} 42. Bd4 {[%emt 0:00:41]} Bf6 {[%emt 0:00:10]} 43. Ke3 {[%emt 0:00:10]} Be5 {[%emt 0:01:13]} 44. g4 {[%emt 0:00:24]} hxg4 {[%emt 0:01:36]} 45. hxg4 {[%emt 0:00:01]} Kf6 {[%emt 0:00:19]} 46. g5+ {[%emt 0:01:36]} Ke6 {[%emt 0:00:01]} 47. Ba7 {[%emt 0:00:01]} Bh2 {[%emt 0:00:30]} 48. Kd2 {[%emt 0:00:14]} Bf4+ {[%emt 0:00:19]} 49. Kc3 {[%emt 0:00:03]} Ke5 {[%emt 0:00:40]} 50. Kxc4 {[%emt 0:00:29]} Kxe4 {[%emt 0:00:01]} 51. Kb4 {[%emt 0:00:21]} Bd2+ {[%emt 0:00:01]} 52. Kc4 {[%emt 0:00:10]} Bxg5 {[%emt 0:00:01]} 53. Bb6 {[%emt 0:00:24]} Be7 {[%emt 0:00:03]} 54. Kc3 {[%emt 0:00:47]} g5 {[%emt 0:00:12]} 55. Kd2 {[%emt 0:00:01]} g4 {[%emt 0:00:01]} 56. Ke2 {[%emt 0:00:10]} Bf6 {[%emt 0:00:14]} 57. Bf2 {[%emt 0:00:49]} Be5 {[%emt 0:00:07]} 58. Bh4 {[%emt 0:00:06]} g3 {[%emt 0:00:10]} 59. Bd8 {[%emt 0:00:09]} Bd4 {[%emt 0:00:03]} 0-1

[Event "HUN-ch Rapid 2019"]
[Site "Ajka"]
[Date "2019.07.19"]
[Round "3.4"]
[White "Papp, Gabor"]
[Black "Popovics, Adam"]
[Result "1-0"]
[WhiteElo "2587"]
[BlackElo "2365"]
[Annotator "ChessBase"]
[PlyCount "63"]
[EventDate "2019.07.18"]
[EventType "swiss"]
[EventCountry "HUN"]
[SourceTitle "playchess.com"]
[Source "ChessBase"]
[SourceQuality "1"]
[TimeControl "1200+5"]

1. e4 {[%emt 0:00:01]} e5 {[%emt 0:00:04]} 2. Nf3 {[%emt 0:00:02]} Nc6 {[%emt 0:00:01]} 3. Bb5 {[%emt 0:00:04]} a6 {[%emt 0:00:01]} 4. Ba4 {[%emt 0:00:01]} Nf6 {[%emt 0:00:01]} 5. O-O {[%emt 0:00:02]} Be7 {[%emt 0:00:01]} 6. d3 {[%emt 0:00:02]} b5 {[%emt 0:00:19]} 7. Bb3 {[%emt 0:00:02]} d6 {[%emt 0:00:01]} 8. a3 {[%emt 0:00:14]} O-O {[%emt 0:00:27]} 9. Nc3 {[%emt 0:00:02]} Bg4 {[%emt 0:00:06]} 10. Be3 {[%emt 0:00:07]} Nd4 {[%emt 0:00:33]} 11. Bxd4 {[%emt 0:00:03]} exd4 {[%emt 0:00:01]} 12. Nd5 {[%emt 0:00:01]} c6 {[%emt 0:00:20]} 13. h3 {[%emt 0:00:29]} Bxf3 {[%emt 0:01:45]} 14. Nxf6+ {[%emt 0:00:07]} Bxf6 {[%emt 0:00:01]} 15. Qxf3 {[%emt 0:00:02]} g6 {[%emt 0:01:06]} 16. a4 {[%emt 0:00:50]} Bg7 {[%emt 0:00:25]} 17. Qg3 {[%emt 0:00:15]} Qe7 {[%emt 0:01:01]} 18. f4 {[%emt 0:00:05]} Kh8 {[%emt 0:00:11]} 19. Rae1 {[%emt 0:00:35]} Rae8 {[%emt 0:00:55]} 20. Qf2 {[%emt 0:00:51]} c5 {[%emt 0:00:51]} 21. axb5 {[%emt 0:00:07]} axb5 {[%emt 0:00:01]} 22. Bd5 {[%emt 0:00:15]} Qd7 {[%emt 0:00:33]} 23. Qf3 {[%emt 0:00:50]} f5 {[%emt 0:01:10]} 24. e5 {[%emt 0:00:35]} dxe5 {[%emt 0:03:19]} 25. Bc6 {[%emt 0:00:04]} Qc7 {[%emt 0:00:28]} 26. Bxe8 {[%emt 0:00:13]} Rxe8 {[%emt 0:00:01]} 27. fxe5 {[%emt 0:00:05]} Bxe5 {[%emt 0:00:48]} 28. Kh1 {[%emt 0:00:17]} Rd8 {[%emt 0:00:52]} 29. Re2 {[%emt 0:00:08]} Bg3 {[%emt 0:00:37]} 30. Ra1 {[%emt 0:00:18]} Kg7 {[%emt 0:01:12]} 31. Ra6 {[%emt 0:00:18]} Bh4 {[%emt 0:01:49]} 32. Rc6 {[%emt 0:00:48]} 1-0

[Event "HUN-ch Rapid 2019"]
[Site "Ajka"]
[Date "2019.07.19"]
[Round "3.5"]
[White "Jakab, Attila"]
[Black "Hera, Imre Jr."]
[Result "0-1"]
[WhiteElo "2377"]
[BlackElo "2610"]
[Annotator "RC"]
[PlyCount "58"]
[EventDate "2019.07.18"]
[EventType "swiss"]
[EventCountry "HUN"]
[SourceTitle "playchess.com"]
[Source "ChessBase"]
[SourceQuality "1"]
[TimeControl "1200+5"]

1. d4 {[%emt 0:00:05]} d5 {[%emt 0:00:03]} 2. c4 {[%emt 0:00:08]} dxc4 {[%emt 0:00:03]} 3. Nf3 {[%emt 0:00:01]} a6 {[%emt 0:00:09]} 4. e3 {[%emt 0:00:07]} Bg4 {[%emt 0:00:03]} 5. Bxc4 {[%emt 0:00:03]} e6 {[%emt 0:00:01]} 6. O-O {[%emt 0:00:03]} Nc6 {[%emt 0:00:02]} 7. h3 {[%emt 0:00:26]} Bh5 {[%emt 0:00:01]} 8. Nbd2 {[%emt 0:00:40]} Nf6 {[%emt 0:00:09]} 9. b3 {[%emt 0:00:02]} Bd6 {[%emt 0:00:02]} 10. Bb2 {[%emt 0:00:02]} O-O {[%emt 0:00:04]} 11. Be2 {[%emt 0:00:02]} Nd5 {[%emt 0:00:33]} 12. Rc1 {[%emt 0:00:18]} f5 {[%emt 0:00:06]} 13. Nc4 {[%emt 0:00:25]} Qe8 {[%emt 0:01:38]} 14. Nxd6 {[%emt 0:01:32]} cxd6 {[%emt 0:00:02]} 15. Nd2 {[%emt 0:00:02]} Bxe2 {[%emt 0:00:09]} 16. Qxe2 {[%emt 0:00:02]} Rd8 {[%emt 0:00:07]} 17. g3 {[%emt 0:01:01]} Qg6 {[%emt 0:01:10]} 18. Kh2 {[%emt 0:00:07]} Nf6 {[%emt 0:00:27]} 19. Ba3 {[%emt 0:01:59]} Rfe8 {[%emt 0:00:52]} 20. Nc4 {[%emt 0:00:22]} Ne4 {[%emt 0:00:09]} 21. Rg1 {[%emt 0:00:49]} e5 {[%emt 0:00:36]} 22. f3 {[%emt 0:01:11]} Ng5 {[%emt 0:00:09]} 23. h4 {[%emt 0:00:02]} Nf7 {[%emt 0:00:07]} 24. d5 {[%emt 0:00:04]} Ne7 {[%emt 0:00:03]} 25. e4 {[%emt 0:00:03]} h5 {[%emt 0:00:49]} 26. Nb6 {[%emt 0:02:22]} Nh6 {[%emt 0:00:55]} 27. Rc7 {[%emt 0:00:02]} fxe4 {[%emt 0:00:13]} 28. Qxe4 {[%emt 0:00:59]} Ng4+ {[%emt 0:00:08]} 29. Kg2 {[%emt 0:00:08]} Nf5 {[%emt 0:00:01]} 0-1

[Event "HUN-ch Rapid 2019"]
[Site "Ajka"]
[Date "2019.07.19"]
[Round "3.6"]
[White "Gledura, Benjamin"]
[Black "Hoang, Thanh Trang"]
[Result "1-0"]
[WhiteElo "2654"]
[BlackElo "2414"]
[Annotator "TA"]
[PlyCount "77"]
[EventDate "2019.07.18"]
[EventType "swiss"]
[EventCountry "HUN"]
[SourceTitle "playchess.com"]
[Source "ChessBase"]
[SourceQuality "1"]

{[%evp 13,77,33,40,19,17,17,26,28,29,12,62,64,56,56,60,58,118,126,148,144,168,51,45,50,120,120,132,125,143,130,119,47,77,0,47,25,29,29,24,34,60,44,44,24,141,130,242,0,350,323,423,401,937,908,29982,786,783,778,1050,1012,822,583,2375,1252,1078,879]} 1. d4 f5 2. Nf3 Nf6 3. g3 g6 4. Bg2 Bg7 5. O-O O-O 6. b3 d6 7. Bb2 Ne4 8. Qc1 {A81: Dutch Defence: 2 g3} a5 $146 {[%cal Ba7a5,Ba5a4][%mdl 32]} ({Predecessor:} 8... Nd7 9. d5 Ndf6 10. c4 c6 11. Nc3 Qb6 12. e3 Nxc3 13. Qxc3 cxd5 14. cxd5 Bd7 15. Ng5 Rac8 {½-½ (27) Markus,R (2604)-Bartel,M (2652) Germany 2014}) 9. c4 a4 10. b4 {White has an edge.} c6 11. a3 b5 12. cxb5 cxb5 13. d5 Bxb2 14. Qxb2 Bb7 (14... Nd7 $14) 15. Nc3 $16 Qb6 16. Nxe4 fxe4 17. Ng5 (17. Qd4 $1 $18 {[%cal Rd4b6]} Qxd4 18. Nxd4) 17... Bxd5 $14 18. Rad1 Bb3 ({Black should try} 18... Bc4 $1 $14) 19. Bxe4 $16 Ra7 20. Rd3 Bc4 21. Rd4 {Black must now prevent Rxc4!} Bb3 {[#]} 22. h4 $40 {[%mdl 128] White has some attack.} (22. Bd5+ $1 $16 Bxd5 23. Rxd5) 22... Nc6 23. Rd2 (23. Bd5+ $16 e6 24. Bxc6 Qxc6 25. Qd2) 23... Ne5 24. h5 h6 25. Nf3 Nxf3+ 26. exf3 g5 27. Rc1 Rc7 $1 28. Rc3 Rxc3 (28... e6 $1 $11) 29. Qxc3 Bc4 {[#]} (29... e6 $16 {was called for.}) 30. Bb1 $2 ({White must play} 30. Bd5+ $1 $18 Bxd5 31. Rxd5) 30... Rf6 $2 {[%mdl 8192]} (30... d5 $11 {and Black is okay.}) 31. Qc2 $18 {Strongly threatening Qh7+.} Kf8 32. Qh7 {aiming for Bg6.} Bg8 (32... Ke8 $142 33. Bg6+ Kd8 34. Qxh6 Qc6 35. Qh8+ (35. Qxg5 Qxf3 36. Qe3 Bd5 $18) 35... Kc7) 33. Qh8 d5 34. Bg6 (34. Bh7 $142 Ke8 35. Qxg8+ {[%mdl 64] Double Attack} Kd7 36. Qxd5+ Rd6 37. Bf5+ Kc7 38. Rc2+ Qc6 39. Rxc6+ Rxc6 40. Qe5+ {[%mdl 64] Double Attack} Rd6 41. Qxe7+ Kc6 42. Be4+ Rd5 43. g4 Kb6 44. Bxd5 Ka6 45. Qb7#) 34... Rxg6 {White is clearly winning.} 35. hxg6 Qxg6 36. Rxd5 Kf7 37. Kg2 Ke6 38. Qd4 Kf7 39. Rxb5 {Accuracy: White = 49%, Black = 30%.} 1-0

[Event "HUN-ch Rapid 2019"]
[Site "Ajka"]
[Date "2019.07.19"]
[Round "3.7"]
[White "Varga, Peter"]
[Black "Ruck, Robert"]
[Result "1/2-1/2"]
[WhiteElo "2367"]
[BlackElo "2524"]
[Annotator "ChessBase"]
[PlyCount "97"]
[EventDate "2019.07.18"]
[EventType "swiss"]
[EventCountry "HUN"]
[SourceTitle "playchess.com"]
[Source "ChessBase"]
[SourceQuality "1"]
[TimeControl "1200+5"]

1. Nf3 {[%emt 0:00:03]} c5 {[%emt 0:00:09]} 2. c4 {[%emt 0:00:03]} Nf6 {[%emt 0:00:01]} 3. Nc3 {[%emt 0:00:07]} Nc6 {[%emt 0:00:02]} 4. g3 {[%emt 0:00:10]} d5 {[%emt 0:00:02]} 5. cxd5 {[%emt 0:00:11]} Nxd5 {[%emt 0:00:02]} 6. Bg2 {[%emt 0:00:06]} Nc7 {[%emt 0:00:02]} 7. O-O {[%emt 0:00:08]} e5 {[%emt 0:00:04]} 8. d3 {[%emt 0:00:02]} Be7 {[%emt 0:00:04]} 9. Nd2 {[%emt 0:00:16]} Bd7 {[%emt 0:00:02]} 10. Nc4 {[%emt 0:00:13]} f6 {[%emt 0:00:04]} 11. f4 {[%emt 0:00:21]} b5 {[%emt 0:00:12]} 12. Ne3 {[%emt 0:00:04]} exf4 {[%emt 0:00:26]} 13. gxf4 {[%emt 0:00:11]} Rb8 {[%emt 0:00:53]} 14. Ncd5 {[%emt 0:00:28]} O-O {[%emt 0:00:40]} 15. b3 {[%emt 0:00:59]} Bd6 {[%emt 0:00:39]} 16. Nxc7 {[%emt 0:00:34]} Qxc7 {[%emt 0:01:07]} 17. Nd5 {[%emt 0:00:04]} Qd8 {[%emt 0:00:01]} 18. Be3 {[%emt 0:02:45]} Re8 {[%emt 0:00:43]} 19. Rc1 {[%emt 0:02:33]} Bg4 {[%emt 0:03:38]} 20. Rf2 {[%emt 0:01:04]} Qd7 {[%emt 0:00:38]} 21. Bxc5 {[%emt 0:01:15]} Bxc5 {[%emt 0:00:03]} 22. Rxc5 {[%emt 0:00:01]} Nd4 {[%emt 0:00:01]} 23. Nc3 {[%emt 0:02:04]} Nxe2+ {[%emt 0:04:16]} 24. Nxe2 {[%emt 0:01:21]} Bxe2 {[%emt 0:00:02]} 25. Rd5 {[%emt 0:01:22]} Qe7 {[%emt 0:00:10]} 26. Qd2 {[%emt 0:00:07]} Bg4 {[%emt 0:00:20]} 27. f5 {[%emt 0:01:28]} Bh5 {[%emt 0:00:35]} 28. b4 {[%emt 0:00:57]} Bf7 {[%emt 0:01:47]} 29. Rc5 {[%emt 0:00:01]} Qd6 {[%emt 0:00:08]} 30. d4 {[%emt 0:00:59]} Bc4 {[%emt 0:00:46]} 31. a4 {[%emt 0:00:29]} Re7 {[%emt 0:00:01]} 32. axb5 {[%emt 0:00:12]} Bxb5 {[%emt 0:00:01]} 33. Bd5+ {[%emt 0:00:12]} Kh8 {[%emt 0:00:03]} 34. Be6 {[%emt 0:00:01]} a6 {[%emt 0:00:25]} 35. Qc3 {[%emt 0:00:24]} Rd8 {[%emt 0:02:11]} 36. d5 {[%emt 0:00:04]} Qb6 {[%emt 0:00:01]} 37. Rc8 {[%emt 0:00:22]} Ree8 {[%emt 0:00:18]} 38. Rxd8 {[%emt 0:00:07]} Rxd8 {[%emt 0:00:01]} 39. Qc5 {[%emt 0:00:01]} Qb8 {[%emt 0:00:01]} 40. Qe7 {[%emt 0:00:47]} Re8 {[%emt 0:00:25]} 41. Qf7 {[%emt 0:00:02]} Qe5 {[%emt 0:00:23]} 42. h4 {[%emt 0:00:09]} Qg3+ {[%emt 0:01:34]} 43. Rg2 {[%emt 0:00:01]} Qe1+ {[%emt 0:00:01]} 44. Kh2 {[%emt 0:00:01]} Qxh4+ {[%emt 0:00:02]} 45. Kg1 {[%emt 0:00:01]} Qe1+ {[%emt 0:00:20]} 46. Kh2 {[%emt 0:00:00]} Qh4+ {[%emt 0:00:01]} 47. Kg1 {[%emt 0:00:01]} Qe1+ {[%emt 0:00:15]} 48. Kh2 {[%emt 0:00:00]} Qh4+ 49. Kg1 1/2-1/2

[Event "HUN-ch Rapid 2019"]
[Site "Ajka"]
[Date "2019.07.19"]
[Round "3.8"]
[White "Prohaszka, Peter"]
[Black "Csiszar, Csaba"]
[Result "0-1"]
[WhiteElo "2598"]
[BlackElo "2432"]
[Annotator "ChessBase"]
[PlyCount "129"]
[EventDate "2019.07.18"]
[EventType "swiss"]
[EventCountry "HUN"]
[SourceTitle "playchess.com"]
[Source "ChessBase"]
[SourceQuality "1"]
[TimeControl "1200+5"]

1. d4 {[%emt 0:00:02]} Nf6 {[%emt 0:00:01]} 2. c4 {[%emt 0:00:01]} e6 {[%emt 0:00:01]} 3. g3 {[%emt 0:00:01]} c5 {[%emt 0:00:11]} 4. d5 {[%emt 0:00:01]} exd5 {[%emt 0:00:02]} 5. cxd5 {[%emt 0:00:01]} d6 {[%emt 0:00:01]} 6. Nc3 {[%emt 0:00:01]} g6 {[%emt 0:00:02]} 7. Bg2 {[%emt 0:00:02]} Bg7 {[%emt 0:00:01]} 8. Nf3 {[%emt 0:00:01]} O-O {[%emt 0:00:01]} 9. O-O {[%emt 0:00:02]} Re8 {[%emt 0:00:03]} 10. Re1 {[%emt 0:00:02]} a6 {[%emt 0:00:37]} 11. a4 {[%emt 0:00:01]} Nbd7 {[%emt 0:00:21]} 12. h3 {[%emt 0:00:45]} Rb8 {[%emt 0:00:34]} 13. Bf4 {[%emt 0:00:26]} Qc7 {[%emt 0:00:27]} 14. Rc1 {[%emt 0:00:18]} Nh5 {[%emt 0:00:09]} 15. Bd2 {[%emt 0:01:48]} Ne5 {[%emt 0:00:04]} 16. g4 {[%emt 0:00:30]} Nxf3+ {[%emt 0:00:14]} 17. exf3 {[%emt 0:01:53]} Rxe1+ {[%emt 0:00:11]} 18. Qxe1 Nf6 19. b4 {[%emt 0:03:11]} b6 {[%emt 0:02:06]} 20. g5 {[%emt 0:00:54]} Nd7 {[%emt 0:00:24]} 21. f4 {[%emt 0:00:25]} f5 {[%emt 0:01:41]} 22. Qe6+ {[%emt 0:03:40]} Kh8 {[%emt 0:00:00]} 23. Qf7 {[%emt 0:00:35]} Bb7 {[%emt 0:00:06]} 24. Re1 {[%emt 0:00:33]} Rf8 {[%emt 0:00:04]} 25. Re8 {[%emt 0:01:19]} Rxe8 {[%emt 0:01:09]} 26. Qxe8+ {[%emt 0:00:01]} Nf8 {[%emt 0:00:01]} 27. b5 {[%emt 0:00:18]} Qd7 {[%emt 0:02:07]} 28. Qb8 {[%emt 0:00:43]} a5 {[%emt 0:01:15]} 29. Bf3 {[%emt 0:00:14]} Kg8 {[%emt 0:00:06]} 30. Nd1 {[%emt 0:00:39]} c4 {[%emt 0:02:24]} 31. Kf1 {[%emt 0:01:50]} Kf7 {[%emt 0:00:12]} 32. Qa7 Qc7 {[%emt 0:00:09]} 33. Be3 {[%emt 0:02:10]} Nd7 {[%emt 0:00:18]} 34. Bc1 {[%emt 0:00:15]} c3 {[%emt 0:00:02]} 35. Ne3 {[%emt 0:00:00]} Bd4 {[%emt 0:00:29]} 36. Nc2 {[%emt 0:00:12]} Bg7 {[%emt 0:00:53]} 37. Be3 {[%emt 0:00:01]} Ke7 {[%emt 0:00:04]} 38. h4 {[%emt 0:00:06]} Qc4+ {[%emt 0:00:16]} 39. Ke1 {[%emt 0:00:08]} Bxd5 {[%emt 0:00:14]} 40. Bxd5 {[%emt 0:00:01]} Qxd5 {[%emt 0:00:00]} 41. Bxb6 {[%emt 0:00:03]} Qd2+ {[%emt 0:00:03]} 42. Kf1 {[%emt 0:00:00]} Qxc2 43. Be3 {[%emt 0:00:06]} Qd1+ {[%emt 0:00:05]} 44. Kg2 {[%emt 0:00:01]} c2 {[%emt 0:00:02]} 45. Qc7 {[%emt 0:00:03]} Bb2 {[%emt 0:00:19]} 46. Qxa5 {[%emt 0:00:19]} c1=Q {[%emt 0:00:12]} 47. Bxc1 {[%emt 0:00:01]} Bxc1 {[%emt 0:00:04]} 48. Qc3 {[%emt 0:00:10]} Bxf4 {[%emt 0:00:09]} 49. Qg7+ {[%emt 0:00:06]} Kd8 {[%emt 0:00:06]} 50. Qg8+ {[%emt 0:00:01]} Kc7 {[%emt 0:00:28]} 51. Qxh7 {[%emt 0:00:09]} Qg4+ {[%emt 0:00:51]} 52. Kf1 {[%emt 0:00:01]} Qf3 {[%emt 0:00:01]} 53. Kg1 {[%emt 0:00:03]} Bd2 {[%emt 0:00:14]} 54. Qe7 {[%emt 0:00:11]} Qg4+ {[%emt 0:00:10]} 55. Kf1 {[%emt 0:00:01]} Qxa4 {[%emt 0:00:13]} 56. h5 {[%emt 0:00:01]} Qc4+ {[%emt 0:00:08]} 57. Kg1 {[%emt 0:00:13]} Qg4+ {[%emt 0:00:02]} 58. Kf1 {[%emt 0:00:00]} Bxg5 {[%emt 0:00:36]} 59. b6+ {[%emt 0:00:01]} Kc6 {[%emt 0:00:02]} 60. Qe8 {[%emt 0:00:00]} Qh3+ {[%emt 0:01:31]} 61. Ke1 {[%emt 0:00:17]} Qh1+ {[%emt 0:00:04]} 62. Ke2 {[%emt 0:00:01]} Qxh5+ {[%emt 0:00:01]} 63. f3 {[%emt 0:00:06]} Qh7 {[%emt 0:00:39]} 64. Qc8+ {[%emt 0:00:10]} Kxb6 {[%emt 0:00:02]} 65. Qc2 {[%emt 0:00:03]} 0-1